| 000 | 00650nam a2200181Ia 4500 | ||
|---|---|---|---|
| 008 | 090201s9999 xx 000 0 und d | ||
| 010 | _aKPL-69267 | ||
| 040 | _bमराठी | ||
| 041 | _aमराठी | ||
| 082 |
_a47809 _b69267 |
||
| 100 | _aमंदाकिनी अष्टीकर | ||
| 245 |
_aअंधारली वाट अडखळली पाऊले _cमंदाकिनी अष्टीकर |
||
| 250 | _a1 | ||
| 260 |
_c2005 _bनिशिगंधा प्रकाशन |
||
| 300 |
_a272 _bलहान |
||
| 600 | _aअंधारली वाट अडखळली पाऊले | ||
| 942 | _cBOOK | ||
| 999 |
_c244503 _d244503 |
||